[Event "Stay Safe Play From Home 312"]
[Site "Emanuel Lasker Arena"]
[Date "2020.07.17"]
[Round "6"]
[White "Lazieri3"]
[Black "Cirovicz"]
[Result "0-1"]
[WhiteElo "2047"]
[BlackElo "1825"]
[Annotator "TA"]
[PlyCount "117"]
[EventDate "2020.07.17"]
[EventType "swiss (blitz)"]

{[%evp 9,117,-5,93,29,31,34,29,5,78,-141,33,33,0,17,56,31,24,34,57,0,0,4,31,-12,-20,-9,-30,-52,-41,-80,-81,-322,-331,-330,-325,-326,-121,-321,-117,-117,-105,-104,-67,-234,-237,-260,-261,-265,-108,-145,-112,-111,-109,-225,-197,-216,-208,-206,-171,-322,-310,-474,-473,-462,-432,-468,-458,-425,-402,-804,-780,-2010,-2006,-29970,-29971,-29971,-29973,-29972,-29973,-29973,-29974,-29975,-29976,-29979,-29977,-29980,-29978,-29981,-29979,-29979,-29980,-29980,-29981,-29981,-29982,-29982,-29983,-29985,-29986,-29987,-29986,-29986,-29987,-29987,-29988,-29988,-29989,-29989,-29989,-29989]} 1. e4 e5 2. Nf3 Nc6 3. Nc3 Nf6 4. d4 exd4 5. Nxd4 d5 (5... Bb4 $11) 6. exd5 {C47: Scotch Four Knights and Four Knights with 4 g3.} ({White should play} 6. Bb5 $16 Bd7 7. exd5 Nxd4 8. Bxd7+ (8. Qxd4 Bxb5 9. Nxb5 Qd7 $16) 8... Qxd7 9. Qxd4) 6... Nxd5 $11 7. Nxc6 bxc6 8. Bd2 {[#] White has an edge.} (8. Nxd5 {looks sharper.} Qxd5 9. Be3 Qa5+ 10. Bd2 Bb4 11. a3) 8... Bb4 $146 (8... Bd6 $11 {remains equal.}) ({Predecessor:} 8... Bd6 9. Bd3 Qe7+ 10. Qe2 Bb4 11. Qxe7+ Nxe7 12. a3 Ba5 13. O-O O-O 14. Be4 Bf5 15. Bxf5 Nxf5 {½-½ (21) Vasiliauskas,I (1336)-Laskevicius,B (1121) Kaunas 2017}) 9. Ne2 $2 (9. Nxd5 $16 {and life is bright.} Bxd2+ 10. Qxd2 Qxd5 11. O-O-O) 9... Bxd2+ $2 (9... Qe7 $17 {And now ...Bc5 would win.} 10. c3 Bc5) 10. Qxd2 $14 O-O 11. O-O-O {Threatens to win with c4.} Be6 12. Nf4 Nxf4 13. Qxf4 Qb8 14. a3 (14. Bd3 $14) 14... Qb6 $11 15. Qe3 c5 {[%cal Bc6c5,Bc5c4][%mdl 32]} 16. Bd3 Rab8 17. Qe5 c4 18. Be4 Qxf2 19. Rhf1 Qe3+ 20. Kb1 $2 (20. Rd2 $17 {was the only chance.} g6 21. Qf4 Qxf4 22. Rxf4) 20... Qxa3 $19 21. Rf3 {[#]} c3 $1 22. Qxc3 Qa2+ 23. Kc1 {[#]} Qa1+ $2 (23... Bg4 $1 $19 {has better winning chances. Strongly threatening ...Qa1+.} 24. Qa3 Qxa3 25. Rxa3 Bxd1 26. Kxd1 Rfe8) 24. Kd2 $17 Rfd8+ $40 {[%mdl 128] Black has strong attack.} 25. Rd3 Rxd3+ 26. Qxd3 $2 (26. Bxd3 $15 Qxb2 27. Qxb2 Rxb2 28. Kc3) 26... Qxb2 $19 27. Bxh7+ Kf8 {...g6 is the strong threat.} 28. Be4 Ke7 (28... Qe5 $19 {is more deadly. White must now prevent ...Qf4+.} 29. Re1 Qxh2) 29. Ke2 Qb5 30. Qxb5 Rxb5 $17 {[%mdl 4096] Endgame KRB-KRB} 31. Bd3 (31. Kd2 $17) 31... Bg4+ $19 32. Kd2 Bxd1 33. Bxb5 {KB-KB} Bg4 34. Bc6 $2 (34. Ba6) 34... Kd6 35. Be4 (35. Bb5 $142) 35... Be6 36. g3 f5 37. Bd3 a5 {[%cal Ba7a5,Ba5a4,Ba4a3,Ba3a2][%mdl 32]} 38. Kc3 Kc5 39. h4 (39. Be2 $142) 39... a4 40. Be2 a3 41. Bf3 a2 {Black mates.} 42. Kb2 Kd4 43. Be2 Ke3 44. Bf1 Kf2 45. Bd3 Kxg3 46. c4 f4 47. Kxa2 f3 48. Kb2 f2 49. h5 Kg2 50. Kc3 f1=Q 51. Bxf1+ Kxf1 {KB-KPP} 52. Kd4 Bg4 53. Kc5 Bxh5 {KB-KP} 54. Kc6 Bf3+ 55. Kxc7 g5 56. c5 g4 57. Kd6 g3 58. c6 {[#]} Bxc6 $1 59. Kxc6 {Accuracy: White = 50%, Black = 72%.} 0-1

[Event "Stay Safe Play From Home 312"]
[Site "Emanuel Lasker Arena"]
[Date "2020.07.17"]
[Round "6"]
[White "Haris kollari 13"]
[Black "Chesstiger9"]
[Result "0-1"]
[WhiteElo "1956"]
[BlackElo "2124"]
[Annotator "NA"]
[PlyCount "71"]
[EventDate "2020.07.17"]
[EventType "swiss (blitz)"]

{- Volkov, Yuri} 1. e4 {[%emt 0:00:01]} c5 {[%emt 0:00:04]} 2. Nf3 {[%emt 0:00:01]} Nc6 {[%emt 0:00:01]} 3. d4 {[%emt 0:00:01]} cxd4 {[%emt 0:00:01]} 4. Nxd4 {[%emt 0:00:00]} Qc7 {[%emt 0:00:02]} 5. Nc3 {[%emt 0:00:01]} e6 {[%emt 0:00:01]} 6. f4 {[%emt 0:00:03]} a6 {[%emt 0:00:04]} 7. Be3 {[%emt 0:00:04]} d6 {[%emt 0:00:02]} 8. Bd3 {[%emt 0:00:02]} Nf6 {[%emt 0:00:02]} 9. Qe2 {[%emt 0:00:03]} Be7 {[%emt 0:00:02]} 10. O-O-O {[%emt 0:00:02]} O-O {[%emt 0:00:01]} 11. g4 {[%emt 0:00:01]} Nxd4 {[%emt 0:00:02]} 12. Bxd4 {[%emt 0:00:01]} e5 {[%emt 0:00:01]} 13. Be3 {[%emt 0:00:03]} Bxg4 {[%emt 0:00:01]} 14. Qf2 {[%emt 0:00:02]} Bxd1 {[%emt 0:00:01]} 15. Rxd1 {[%emt 0:00:01]} b5 {[%emt 0:00:15]} 16. fxe5 {[%emt 0:00:02]} Ng4 {[%emt 0:00:02]} 17. Qg3 {[%emt 0:00:14]} Nxe3 {[%emt 0:00:05]} 18. exd6 {[%emt 0:00:04]} Bxd6 {[%emt 0:00:03]} 19. Qxe3 {[%emt 0:00:01]} Bf4 {[%emt 0:00:01]} 20. Nd5 {[%emt 0:00:02]} Bxe3+ {[%emt 0:00:02]} 21. Nxe3 {[%emt 0:00:00]} Qf4 {[%emt 0:00:02]} 22. Re1 {[%emt 0:00:01]} Rfd8 {[%emt 0:00:05]} 23. Kb1 {[%emt 0:00:04]} Rxd3 {[%emt 0:00:05]} 24. cxd3 {[%emt 0:00:01]} Qf2 {[%emt 0:00:01]} 25. Nc2 {[%emt 0:00:01]} Rc8 {[%emt 0:00:05]} 26. Rc1 {[%emt 0:00:01]} Qxh2 {[%emt 0:00:02]} 27. d4 {[%emt 0:00:02]} Qe2 {[%emt 0:00:06]} 28. e5 {[%emt 0:00:01]} Qe4 {[%emt 0:00:03]} 29. b3 {[%emt 0:00:05]} h5 {[%emt 0:00:08]} 30. Kb2 {[%emt 0:00:02]} Rxc2+ {[%emt 0:00:10]} 31. Rxc2 {[%emt 0:00:02]} Qxc2+ {[%emt 0:00:01]} 32. Kxc2 {[%emt 0:00:01]} h4 {[%emt 0:00:01]} 33. Kd2 {[%emt 0:00:06]} h3 {[%emt 0:00:01]} 34. Ke2 {[%emt 0:00:00]} h2 {[%emt 0:00:01]} 35. Kf2 {[%emt 0:00:00]} h1=Q {[%emt 0:00:01]} 36. Ke3 {[%emt 0:00:00] Haris kollari 13 resigns (Lag: Av=0.49s, max=0.8s)} 0-1

[Event "Stay Safe Play From Home 312"]
[Site "Emanuel Lasker Arena"]
[Date "2020.07.17"]
[Round "6"]
[White "Timbre"]
[Black "Dukic"]
[Result "0-1"]
[WhiteElo "1668"]
[BlackElo "1885"]
[Annotator "NA"]
[PlyCount "84"]
[EventDate "2020.07.17"]
[EventType "swiss (blitz)"]

1. d4 {[%emt 0:00:13] Aborted Black restart ok. White restart ok.} c6 {[%emt 0:02:11]} 2. Nf3 {[%emt 0:00:16]} d6 {[%emt 0:00:01]} 3. c3 {[%emt 0:00:01]} Bg4 {[%emt 0:00:02]} 4. Bf4 {[%emt 0:00:01]} Nd7 {[%emt 0:00:01]} 5. Bg3 {[%emt 0:00:01]} Ngf6 {[%emt 0:00:01]} 6. e3 {[%emt 0:00:02]} e5 {[%emt 0:00:03]} 7. dxe5 {[%emt 0:00:02]} dxe5 {[%emt 0:00:01]} 8. Be2 {[%emt 0:00:01]} Qc7 {[%emt 0:00:08]} 9. Nbd2 {[%emt 0:00:04]} b5 {[%emt 0:00:06]} 10. O-O {[%emt 0:00:02]} Nh5 {[%emt 0:00:03]} 11. Qc2 {[%emt 0:00:03]} Nxg3 {[%emt 0:00:02]} 12. hxg3 {[%emt 0:00:02]} Be7 {[%emt 0:00:01]} 13. Rfe1 {[%emt 0:00:02]} O-O {[%emt 0:00:02]} 14. Nh2 {[%emt 0:00:07]} Be6 {[%emt 0:00:04]} 15. a3 {[%emt 0:00:03]} f5 {[%emt 0:00:04]} 16. Nhf3 {[%emt 0:00:02]} h6 {[%emt 0:00:34]} 17. c4 {[%emt 0:00:02]} b4 {[%emt 0:00:03]} 18. axb4 {[%emt 0:00:02]} Bxb4 {[%emt 0:00:01]} 19. c5 {[%emt 0:00:01]} Bxc5 {[%emt 0:00:03]} 20. Bc4 {[%emt 0:00:01]} Bd5 {[%emt 0:00:02]} 21. Bxd5+ {[%emt 0:00:02]} cxd5 {[%emt 0:00:01]} 22. b4 {[%emt 0:00:07]} Bd6 {[%emt 0:00:02]} 23. Qb3 {[%emt 0:00:03]} Nf6 {[%emt 0:00:03]} 24. Rac1 {[%emt 0:00:04]} Qb7 {[%emt 0:00:01]} 25. Nf1 {[%emt 0:00:05]} Qxb4 {[%emt 0:00:02]} 26. Qc2 {[%emt 0:00:05]} e4 {[%emt 0:00:02]} 27. Nd4 {[%emt 0:00:03]} Be5 {[%emt 0:00:01]} 28. Qc6 {[%emt 0:00:05]} Qd6 {[%emt 0:00:02]} 29. Qa4 {[%emt 0:00:04]} Bxd4 {[%emt 0:00:02]} 30. Qxd4 {[%emt 0:00:01]} a5 {[%emt 0:00:01]} 31. Ra1 {[%emt 0:00:02]} Rfb8 {[%emt 0:00:04]} 32. Ra4 {[%emt 0:00:01]} Rb4 {[%emt 0:00:02]} 33. Rxb4 {[%emt 0:00:02]} Qxb4 {[%emt 0:00:02]} 34. Qe5 {[%emt 0:00:07]} Qxe1 {[%emt 0:00:02]} 35. Qe6+ {[%emt 0:00:03]} Kh8 {[%emt 0:00:02]} 36. Qc6 {[%emt 0:00:02]} Rb8 {[%emt 0:00:01]} 37. Qc7 {[%emt 0:00:02]} Rb1 {[%emt 0:00:01]} 38. Qc8+ {[%emt 0:00:01]} Kh7 {[%emt 0:00:01]} 39. Qxf5+ {[%emt 0:00:01]} Kh8 {[%emt 0:00:01]} 40. Qc8+ {[%emt 0:00:01]} Ng8 {[%emt 0:00:01]} 41. Kh2 {[%emt 0:00:03]} Qxf1 {[%emt 0:00:01]} 42. Kh3 {[%emt 0:00:01]} Qxf2 {[%emt 0:00:01] Timbre resigns (Lag: Av=0.32s, max=1.0s)} 0-1

[Event "Stay Safe Play From Home 312"]
[Site "Emanuel Lasker Arena"]
[Date "2020.07.17"]
[Round "7"]
[White "Chesstiger9"]
[Black "Lucknow"]
[Result "1-0"]
[WhiteElo "2134"]
[BlackElo "1867"]
[Annotator "TA"]
[PlyCount "43"]
[EventDate "2020.07.17"]
[EventType "swiss (blitz)"]

{[%evp 1,1,29]} 1. d4 {An uneventful encounter.} {Predecessor:} Nf6 2. c4 e6 3. Nf3 d5 4. Nc3 c5 5. cxd5 Nxd5 6. e4 {D41: Queen's Gambit Declined: Semi-Tarrasch with 5 cxd5.} Nxc3 7. bxc3 cxd4 8. cxd4 Bb4+ 9. Bd2 Bxd2+ 10. Qxd2 O-O 11. Bc4 Nd7 12. O-O b6 13. Rad1 Bb7 14. Rfe1 Rc8 15. Bb3 Re8 16. Re3 Nf6 17. d5 exd5 18. e5 Ne4 19. Qe1 Qc7 20. Nd4 a6 21. h4 Rcd8 22. f3 {1-0 (34) Carlsen,M (2863)-Giri,A (2764) chess24.com INT 2020} 1-0

[Event "Stay Safe Play From Home 312"]
[Site "Emanuel Lasker Arena"]
[Date "2020.07.17"]
[Round "7"]
[White "Dukic"]
[Black "Cirovicz"]
[Result "1-0"]
[WhiteElo "1893"]
[BlackElo "1852"]
[Annotator "NA RC"]
[PlyCount "51"]
[EventDate "2020.07.17"]
[EventType "swiss (blitz)"]

1. c4 {[%emt 0:00:04]} e5 {[%emt 0:00:01]} 2. Nc3 {[%emt 0:00:01]} Nc6 {[%emt 0:00:03]} 3. Nf3 {[%emt 0:00:00]} Bc5 {[%emt 0:00:11]} 4. e3 {[%emt 0:00:01]} f5 {[%emt 0:00:04]} 5. d4 {[%emt 0:00:01]} exd4 {[%emt 0:00:04]} 6. exd4 {[%emt 0:00:01]} Qe7+ {[%emt 0:00:01]} 7. Be2 {[%emt 0:00:02]} Bb4 {[%emt 0:00:03]} 8. O-O {[%emt 0:00:06]} Nf6 {[%emt 0:00:03]} 9. Bd3 {[%emt 0:00:03]} O-O {[%emt 0:00:02]} 10. Re1 {[%emt 0:00:08]} Qf7 {[%emt 0:00:08]} 11. d5 {[%emt 0:00:04]} Na5 {[%emt 0:00:27]} 12. Bf4 {[%emt 0:00:21]} Bxc3 {[%emt 0:00:09]} 13. bxc3 {[%emt 0:00:02]} d6 {[%emt 0:00:02]} 14. Nd4 {[%emt 0:00:11]} Nh5 {[%emt 0:00:23]} 15. Bg5 {[%emt 0:00:14]} f4 {[%emt 0:00:14]} 16. Re7 {[%emt 0:00:07]} Nf6 {[%emt 0:01:02]} 17. Rxf7 {[%emt 0:00:08]} Rxf7 {[%emt 0:00:01]} 18. Bxf6 {[%emt 0:00:53]} Rxf6 {[%emt 0:00:02]} 19. Qa4 {[%emt 0:00:03]} b6 {[%emt 0:00:05]} 20. Qe8+ {[%emt 0:00:02]} Rf8 {[%emt 0:00:02]} 21. Bxh7+ {[%emt 0:00:04]} Kxh7 {[%emt 0:00:04]} 22. Qxf8 {[%emt 0:00:01]} Nxc4 {[%emt 0:00:03]} 23. Qxf4 {[%emt 0:00:11]} Bb7 {[%emt 0:00:04]} 24. Re1 {[%emt 0:00:07]} Bxd5 {[%emt 0:00:01]} 25. Qf5+ {[%emt 0:00:02]} g6 {[%emt 0:00:04] Cirovicz resigns} 26. Qxd5 {[%emt 0:00:02] (Lag: Av=0.72s, max=1.5s)} 1-0

[Event "Stay Safe Play From Home 312"]
[Site "Emanuel Lasker Arena"]
[Date "2020.07.17"]
[Round "7"]
[White "Justwatch"]
[Black "Lazieri3"]
[Result "0-1"]
[WhiteElo "1290"]
[BlackElo "2020"]
[Annotator "TA"]
[PlyCount "42"]
[EventDate "2020.07.17"]
[EventType "swiss (blitz)"]

{[%evp 9,42,0,12,-39,-37,-38,-14,-47,-35,-101,-58,-129,-38,-91,-64,-179,-177,-191,-191,-206,-193,-572,-460,-465,-403,-387,-348,-1259,-1255,-1276,-1270,-1760,-1742,-2747,-2689]} 1. d4 c6 2. e3 d5 3. Nf3 Nf6 4. Bd3 Bg4 5. Be2 e6 {[#]} 6. Ng1 $146 {D04: Colle System.} (6. O-O $11) ({Predecessor:} 6. O-O Bd6 7. b3 Nbd7 8. Bb2 Qc7 9. g3 Bh3 10. Re1 Ne4 11. Ne5 Nxe5 12. dxe5 Bxe5 13. Bxe5 Qxe5 {0-1 (39) Mat,P (1031)-Chang,C (1651) Penang 2017}) 6... Bxe2 $15 7. Nxe2 h6 8. Nbc3 {The position is equal.} Bd6 9. Na4 (9. Qd3 $15) 9... O-O 10. Nc5 (10. b3 $15) 10... b6 (10... Bxc5 $17 11. dxc5 Qa5+ 12. Qd2 Qxc5) 11. Nd3 ({Better is} 11. Nb7 $15 Bb4+ 12. c3 Bxc3+ 13. Nxc3) 11... Nbd7 12. Ne5 (12. O-O $15) 12... Nxe5 $19 13. dxe5 Bxe5 14. Qd3 Ne4 15. Bd2 $2 {[#]} (15. O-O {is tougher.}) 15... Qf6 16. Nf4 Bxb2 17. Rb1 Nxd2 18. Qxd2 $2 (18. Kxd2 Be5 19. Nh3) 18... Bc3 {Black is clearly winning.} 19. Qxc3 Qxc3+ 20. Ke2 Qxc2+ 21. Ke1 Qxb1+ {Accuracy: White = 23%, Black = 66%.} 0-1